[Event "Titled Tue 3rd Jan Late"]
[Site "chess.com INT"]
[Date "2025.06.03"]
[Round "3"]
[White "Lyakh, Vasiliy"]
[Black "Khenkin, Igor"]
[Result "1-0"]
[BlackTitle "GM"]
[WhiteElo "2116"]
[BlackElo "2499"]
[WhiteFideId "14189828"]
[BlackFideId "4659600"]
[EventDate "2025.06.03"]

1. d4 d5 2. Nf3 Nf6 3. Bf4 c5 4. e3 Nc6 5. c3 Qb6 6. Qc2 g6 7. Nbd2 Bf5 8. dxc5
Qxc5 9. Bd3 Bxd3 10. Qxd3 Bg7 11. e4 O-O 12. O-O Rfd8 13. Qe2 Qb6 14. Rab1 dxe4
15. Nxe4 Nd5 16. Bg3 Rd7 17. Rbd1 Rad8 18. Rd2 Nf6 19. Nxf6+ Bxf6 20. Rfd1 Rxd2
21. Rxd2 Rxd2 22. Qxd2 Qd8 23. Qxd8+ Nxd8 24. Kf1 Nc6 25. Ke2 e5 26. Kd3 Bg7 27.
Kc4 Kf8 28. Nd2 f5 29. f3 Ke7 30. b4 Ke6 31. a4 Bh6 32. Nb3 Be3 33. a5 Kd6 34.
Bh4 Bg1 35. h3 a6 36. Bg3 Na7 37. Nc1 Be3 38. Nd3 f4 39. Bh4 Nb5 40. Bf6 e4 41.
fxe4 Na3+ 42. Kb3 Nb5 43. Be5+ Ke6 44. Bxf4 Bg1 45. Kc4 Na3+ 46. Kb3 Nb5 47. Be5
Be3 48. c4 Na7 49. Ka4 Nc6 50. Bc3 Bd4 51. Bxd4 Nxd4 52. Nc5+ Kd6 53. Nxb7+ Kc6
54. Nc5 Nc2 55. Nxa6 Ne3 56. b5+ Kb7 57. c5 Nxg2 58. c6+ Ka7 59. Nc5 Nf4 60. c7 1-0

[Event "Titled Tue 3rd Jan Late"]
[Site "chess.com INT"]
[Date "2025.06.03"]
[Round "3"]
[White "Flynn, Jacob"]
[Black "Bongo Akanga Ndjila, Barthelemy"]
[Result "1-0"]
[WhiteTitle "CM"]
[BlackTitle "CM"]
[WhiteElo "2271"]
[BlackElo "1847"]
[WhiteFideId "2509393"]
[BlackFideId "10609431"]
[EventDate "2025.06.03"]

1. d4 d5 2. c4 e6 3. Nc3 Nf6 4. Nf3 Be7 5. cxd5 exd5 6. Bf4 c6 7. e3 O-O 8. Bd3
Re8 9. h3 Nbd7 10. O-O Nf8 11. Qc2 Ng6 12. Bh2 Bd6 13. Bxd6 Qxd6 14. Rab1 a5 15.
a3 b5 16. Rfc1 a4 17. Ne2 Bd7 18. Qc5 Qb8 19. Bxg6 hxg6 20. Ne5 Ra6 21. Rc2 Bf5
22. Rbc1 Bxc2 23. Rxc2 Ne4 24. Qb4 Re6 25. Nf4 Rf6 26. Nd7 Qd6 27. Nxf6+ Qxf6
28. Nd3 g5 29. Nc5 Nxc5 30. Rxc5 Qg6 31. Qc3 Kh7 32. g4 Qe6 33. Qc2+ g6 34. Kg2
Kg7 35. Kg3 f5 36. Qd3 Qd6+ 37. Kg2 Qe6 38. f3 f4 39. e4 dxe4 40. fxe4 Ra7 41.
Re5 Qf6 42. Kf3 Rd7 43. Qc3 Qd6 44. d5 Kh6 45. Re8 cxd5 46. Rh8+ Rh7 47. e5 Qd7
48. Rxh7+ Kxh7 49. Qc5 d4 50. Qd6 Qb7+ 51. Kf2 Qe4 52. Qe7+ Kh6 53. Qf8+ Kh7 54.
Qf7+ Kh6 55. Qf6 Qe3+ 56. Kf1 Qf3+ 57. Ke1 Qe3+ 58. Kd1 f3 59. Qh8# 1-0

[Event "Titled Tue 3rd Jan Late"]
[Site "chess.com INT"]
[Date "2025.06.03"]
[Round "3"]
[White "Ersoz, Teoman Guney"]
[Black "Dambaev, Dashi"]
[Result "0-1"]
[WhiteTitle "CM"]
[BlackTitle "CM"]
[WhiteElo "2090"]
[BlackElo "2211"]
[WhiteFideId "44537050"]
[BlackFideId "55628494"]
[EventDate "2025.06.03"]

1. d4 Nf6 2. Nc3 d5 3. Bg5 Nbd7 4. f3 h6 5. Bxf6 Nxf6 6. e4 dxe4 7. fxe4 e5 8.
dxe5 Qxd1+ 9. Rxd1 Ng4 10. Nf3 Bc5 11. Nd5 O-O 12. b4 Bb6 13. c4 c6 14. Ne7+ Kh7
15. c5 Bc7 16. Nxc8 Raxc8 17. Rd7 Bxe5 18. Nxe5 Nxe5 19. Rxb7 Rb8 20. Rxb8 Rxb8
21. a3 Rd8 22. Kf2 Rd1 23. g3 Ra1 24. Rg1 Rxa3 25. Be2 Rb3 26. Ra1 Rxb4 27. Rxa7
Rxe4 28. h3 Rd4 29. Re7 f6 30. Ke3 Rd5 31. h4 Rxc5 32. h5 Rc3+ 33. Kf4 c5 34.
Bb5 Rf3+ 35. Ke4 Rxg3 36. Ba6 Rg5 37. Be2 c4 38. Kf4 Rg2 39. Bd1 c3 40. Rc7 Rd2
41. Ba4 Rd4+ 42. Kf5 Rxa4 43. Rxc3 Rh4 44. Rc7 Rxh5+ 45. Ke6 Kg6 46. Rc3 Rh1 47.
Rg3+ Kh7 48. Kf5 Rf1+ 49. Ke6 h5 50. Rg2 Kh6 51. Rg3 h4 52. Ra3 g5 53. Ra1 Rxa1
54. Kf5 Kg7 55. Ke4 Kg6 56. Ke3 f5 57. Kf2 f4 58. Kg2 g4 59. Kh2 Ra2+ 60. Kg1
Nf3+ 61. Kf1 Nd4 62. Kg1 h3 63. Kf1 g3 64. Kg1 Ra1# 0-1

[Event "Titled Tue 3rd Jan Late"]
[Site "chess.com INT"]
[Date "2025.06.03"]
[Round "3"]
[White "Albores, Pablo"]
[Black "Vasenev, Sergey"]
[Result "1/2-1/2"]
[WhiteTitle "CM"]
[BlackTitle "FM"]
[WhiteElo "2220"]
[BlackElo "2283"]
[WhiteFideId "105546"]
[BlackFideId "4126858"]
[EventDate "2025.06.03"]

1. c4 Nc6 2. Nc3 e5 3. Nf3 g6 4. d4 exd4 5. Nxd4 Bg7 6. Nxc6 bxc6 7. g3 Ne7 8.
Bg2 O-O 9. O-O d6 10. Qc2 Rb8 11. Bf4 c5 12. Rad1 Bb7 13. Nd5 Nxd5 14. cxd5 Bc8
15. b3 Re8 16. e4 Bg4 17. f3 Bd7 18. Rfe1 a5 19. Bc1 a4 20. Bb2 axb3 21. axb3
Bxb2 22. Qxb2 c4 23. Qc3 cxb3 24. Rb1 Rb6 25. Rxb3 Rxb3 26. Qxb3 Qa8 27. Qe3 Rb8
28. h4 Qa2 29. Re2 Rb2 30. Rxb2 Qxb2 31. h5 Qf6 32. hxg6 hxg6 33. Qa7 Qc3 34.
Qf2 Kg7 35. Qe2 Kf6 36. Kf2 Ke5 37. Qe3 Qb2+ 38. Kg1 Kf6 39. Qf4+ Kg7 40. Qe3
Qe5 41. Kf2 f5 42. exf5 Qxe3+ 43. Kxe3 gxf5 44. Kd4 Kf6 45. f4 Be8 46. Bf3 Bd7
47. Be2 Ba4 48. g4 fxg4 49. Bxg4 Bb5 50. Bc8 Ba4 51. Bg4 Be8 52. Bc8 Bg6 53. Bg4
Bf5 54. Bf3 Bh3 55. Be4 Bf5 56. Bf3 Kg6 57. Be2 Bb1 58. Bg4 Bf5 59. Bf3 Kf6 60.
Be2 Bg6 61. Bg4 Kg7 62. Kc4 Be8 63. Kd4 Kf6 64. Ke4 Ba4 65. Kd4 1/2-1/2

[Event "Titled Tue 3rd Jan Late"]
[Site "chess.com INT"]
[Date "2025.06.03"]
[Round "3"]
[White "Mitrabha, Guha"]
[Black "Kaczur, Florian"]
[Result "1-0"]
[WhiteTitle "GM"]
[BlackTitle "IM"]
[WhiteElo "2515"]
[BlackElo "2500"]
[WhiteFideId "5057000"]
[BlackFideId "705098"]
[EventDate "2025.06.03"]

1. Nf3 f5 2. c4 c5 3. d4 cxd4 4. Nxd4 Nc6 5. Nc3 d6 6. g3 g6 7. Bg2 Bd7 8. h4
Bg7 9. Nc2 Nf6 10. b3 Ng4 11. Bb2 O-O 12. e3 a6 13. O-O Kh8 14. Na4 Bxb2 15.
Nxb2 Rc8 16. Nd4 e5 17. Ne2 Be6 18. Qd2 Qe7 19. Rad1 Rfd8 20. Na4 g5 21. Nb6 Rb8
22. f3 Nh6 23. hxg5 Qxg5 24. Kf2 Nf7 25. Rh1 Rg8 26. Rh2 Rbd8 27. Rdh1 Rg7 28.
f4 Qg6 29. Bf3 Qf6 30. Bd5 Re8 31. Bxe6 Rxe6 32. Rh5 Qd8 33. Nd5 Ne7 34. Nxe7
Qxe7 35. Rxf5 Nh6 36. Rfh5 Ng4+ 37. Kf1 exf4 38. exf4 Qe8 39. Qd3 Ree7 40. Ke1
Nf6 41. Rh6 Ne4 42. Kf1 d5 43. cxd5 Qc8 44. Kg2 Nc5 45. Qf3 Qe8 46. Nd4 Re3 47.
Qh5 Rexg3+ 48. Kf1 Qxh5 49. R6xh5 Ne4 50. Ne2 Rf3+ 51. Ke1 Rc7 52. R5h3 Rf2 53.
Re3 Rxe2+ 54. Kxe2 1-0

[Event "Titled Tue 3rd Jan Late"]
[Site "chess.com INT"]
[Date "2025.06.03"]
[Round "3"]
[White "Ferreira, Vitor Hugo Vieira"]
[Black "Kravtsiv, Martyn"]
[Result "0-1"]
[BlackTitle "GM"]
[WhiteElo "2128"]
[BlackElo "2598"]
[WhiteFideId "2119765"]
[BlackFideId "14113147"]
[EventDate "2025.06.03"]

1. e4 e5 2. Nf3 Nc6 3. Bb5 a6 4. Ba4 Nf6 5. O-O Be7 6. Re1 b5 7. Bb3 O-O 8. c3
d5 9. exd5 Nxd5 10. d4 exd4 11. cxd4 Bb4 12. Bd2 Bg4 13. Nc3 Nf6 14. Bg5 Bxf3
15. Qxf3 Nxd4 16. Qg3 Nxb3 17. Rad1 Nd4 18. Bh6 Nh5 19. Qg4 Bxc3 20. bxc3 Qf6
21. Qxh5 Ne6 22. Be3 Rad8 23. Rc1 c5 24. h4 Rfe8 25. Qg4 Qg6 26. Qf3 h5 27. Qc6
Nf4 28. Qxg6 Nxg6 29. Bxc5 Nf4 30. Rcd1 Rxd1 31. Rxd1 Ne2+ 32. Kf1 Nxc3 33. Rd6
Re5 34. Bd4 Rd5 35. Rxd5 Nxd5 36. Ke2 f6 37. g3 Kf7 38. Kd3 Ke6 39. Ke4 Nb4 40.
a3 Nc6 41. Bc5 g6 42. f3 Ne5 43. Bd4 Nc4 44. Bc5 Nd2+ 45. Ke3 Nb3 46. Bf8 Kd5
47. Kd3 Nd4 48. Bg7 Nxf3 49. Bxf6 Ne5+ 50. Kc3 Nc6 51. Kb3 Ke4 52. Bg5 Kd3 53.
Bf4 a5 54. Bd6 a4+ 55. Kb2 Na5 56. Bf8 Nc4+ 57. Ka2 Kc2 58. Be7 Nd2 59. Bd6 Nb1
60. Bb8 Nc3+ 61. Ka1 Kb3 62. Be5 Ne4 63. Bd6 Nd2 64. Be7 Nc4 65. Kb1 Nxa3+ 66.
Kc1 Nc4 67. Kd1 a3 68. Ke2 a2 69. Bf6 Nb2 0-1

[Event "Titled Tue 3rd Jan Late"]
[Site "chess.com INT"]
[Date "2025.06.03"]
[Round "3"]
[White "Tristan, Leonardo"]
[Black "Aronian, Levon"]
[Result "0-1"]
[WhiteTitle "GM"]
[BlackTitle "GM"]
[WhiteElo "2536"]
[BlackElo "2747"]
[WhiteFideId "113816"]
[BlackFideId "13300474"]
[EventDate "2025.06.03"]

1. d4 d5 2. Nf3 Nf6 3. Bf4 c5 4. e3 Nc6 5. c3 e6 6. Nbd2 Qb6 7. Qb3 Be7 8. h3
Bd7 9. Be2 O-O 10. O-O Rfc8 11. Rfe1 Be8 12. Bf1 Nd7 13. Qxb6 Nxb6 14. dxc5 Bxc5
15. e4 a5 16. Be3 Bxe3 17. Rxe3 a4 18. a3 Ra5 19. Rae1 Kf8 20. exd5 Nxd5 21. Re4
Nf6 22. Rf4 Rd8 23. Ne4 Nd5 24. Rh4 h6 25. Ng3 Nde7 26. Rf4 e5 27. Rc4 f6 28.
Ne4 Bf7 29. Rc5 b6 30. Rxa5 Nxa5 31. Bb5 Be8 32. Bxe8 Kxe8 33. Re2 Rd1+ 34. Re1
Rd7 35. g4 Nc4 36. Rb1 Rd3 37. Kg2 Nd5 38. Ne1 Nf4+ 39. Kg1 Rxh3 40. Ng3 g6 41.
b3 axb3 42. Rxb3 h5 43. gxh5 gxh5 44. Rb4 Nd2 45. Rxb6 h4 46. Nf5 Kf7 47. Rb7+
Kg6 48. Ne3 Ne2+ 49. Kg2 Nf4+ 50. Kg1 Nf3+ 51. Nxf3 Rxf3 52. a4 h3 53. Rb8 Ne2+
54. Kh1 Rxf2 55. a5 Ng3+ 56. Kg1 h2+ 57. Kxf2 h1=Q 58. Kxg3 f5 59. Rg8+ Kf7 60.
Rg5 f4+ 61. Kf2 Qh4+ 62. Kf3 Qxg5 0-1

[Event "Titled Tue 3rd Jan Late"]
[Site "chess.com INT"]
[Date "2025.06.03"]
[Round "3"]
[White "Becking, Stephan"]
[Black "Ferraz, Michel Liah"]
[Result "1-0"]
[WhiteTitle "IM"]
[WhiteElo "2410"]
[BlackElo "1998"]
[WhiteFideId "4632478"]
[BlackFideId "22743219"]
[EventDate "2025.06.03"]

1. d4 Nf6 2. Nf3 e6 3. c3 d5 4. Bg5 c5 5. e3 Nc6 6. Nbd2 h6 7. Bh4 Be7 8. Bd3 a6
9. a4 b6 10. O-O O-O 11. Re1 Bb7 12. Rc1 c4 13. Bb1 b5 14. Qc2 g6 15. axb5 axb5
16. e4 dxe4 17. Nxe4 Nxe4 18. Qxe4 Bxh4 19. Nxh4 Na5 20. Qg4 Qg5 21. Qg3 Nb3 22.
Rcd1 Kg7 23. Nf3 Qxg3 24. hxg3 Ra1 25. Ne5 Rd8 26. f3 h5 27. f4 Bd5 28. Nf3 f6
29. Nh4 f5 30. Nf3 Kf6 31. Ng5 Rda8 32. Kf2 Rb8 33. Nf3 b4 34. Bc2 Rxd1 35. Rxd1
bxc3 36. bxc3 Na5 37. Rb1 Nb3 38. Nd2 Nxd2 39. Rxb8 Ne4+ 40. Bxe4 Bxe4 41. Rb6
Bd3 42. Rb4 Ke7 43. Rb2 Kd6 44. Rb4 Kd5 45. Ke3 Bf1 46. Rb5+ Kd6 47. Rc5 Bxg2
48. Rxc4 Bd5 49. Rc5 Kd7 50. Kf2 Be4 51. c4 Kd6 52. Ra5 Bd3 53. Ra6+ Ke7 54. Ra4
Kd7 55. c5 Be4 56. Ra6 Kc7 57. Rd6 Bd5 58. Ke3 Kc8 59. Kd2 Kc7 60. Ke3 Bc4 61.
Kf2 Bd5 62. Rb6 Bc4 63. Rb1 Bd5 64. Rb2 Kc6 65. Ke3 Be4 66. Rb6+ Kc7 67. Rxe6 1-0

[Event "Titled Tue 3rd Jan Late"]
[Site "chess.com INT"]
[Date "2025.06.03"]
[Round "3"]
[White "Sanchez Negreiros, Jose Alberto"]
[Black "Thorhallsson, Simon"]
[Result "1-0"]
[WhiteTitle "FM"]
[BlackTitle "FM"]
[WhiteElo "2231"]
[BlackElo "2218"]
[WhiteFideId "3851516"]
[BlackFideId "2310090"]
[EventDate "2025.06.03"]

1. d4 g6 2. e4 Bg7 3. Nc3 d6 4. Be3 a6 5. Nf3 Nf6 6. h3 O-O 7. Be2 Nc6 8. O-O e5
9. d5 Ne7 10. a4 b6 11. b4 Nh5 12. a5 b5 13. Nd2 Nf4 14. Re1 Nxe2+ 15. Qxe2 f5
16. f3 f4 17. Bf2 g5 18. Ncb1 Ng6 19. c4 bxc4 20. Qxc4 h5 21. Rc1 Rf7 22. Qc6
Rb8 23. Nc3 g4 24. fxg4 hxg4 25. hxg4 Rxb4 26. Rab1 Bb7 27. Rxb4 Bxc6 28. dxc6
f3 29. Nxf3 Qc8 30. g5 Qg4 31. Rb8+ Bf8 32. Nh2 Qxg5 33. Ne2 Qd2 34. Re1 Rg7 35.
Nf3 Qxa5 36. Ng5 Nf4 37. Nxf4 exf4 38. Ne6 Rf7 39. Rc1 Qa2 40. Ng5 Rf6 41. Bd4
Rg6 42. Rf1 Rxg5 43. Rf2 Qb1+ 44. Rxb1 Rg4 45. Rb8 Kf7 46. Bc3 Be7 47. Bd2 Ke6
48. Rc8 Ke5 49. Rxc7 Bh4 50. Rd7 Bxf2+ 51. Kxf2 Ke6 52. Rd8 Rg7 53. Bxf4 Rc7 54.
Rxd6+ Ke7 55. Re6+ Kxe6 56. Bxc7 a5 57. Bxa5 Kd6 58. Bc3 Kxc6 59. Kg3 Kd6 60.
Kf4 Ke6 61. g4 Ke7 62. g5 Kf7 63. Kf5 Ke7 64. g6 Kf8 65. g7+ Kg8 66. Kf6 Kh7 67.
Kf7 Kh6 68. g8=Q Kh5 69. Kf6 1-0

[Event "Titled Tue 3rd Jan Late"]
[Site "chess.com INT"]
[Date "2025.06.03"]
[Round "3"]
[White "Rosen, Eric"]
[Black "Bluebaum, Matthias"]
[Result "1/2-1/2"]
[WhiteTitle "IM"]
[BlackTitle "GM"]
[WhiteElo "2377"]
[BlackElo "2660"]
[WhiteFideId "2032562"]
[BlackFideId "24651516"]
[EventDate "2025.06.03"]

1. d4 d5 2. Bf4 e6 3. e3 c5 4. Nf3 Nc6 5. Nbd2 Bd6 6. Bg3 Bxg3 7. hxg3 Qb6 8.
dxc5 Qxb2 9. c4 Nf6 10. Qc1 Qxc1+ 11. Rxc1 Ke7 12. cxd5 Nxd5 13. Bb5 Bd7 14.
Bxc6 Bxc6 15. O-O Rhd8 16. Nd4 Rac8 17. N2f3 Be8 18. Rb1 Rc7 19. Rfc1 Rdc8 20.
e4 Nf6 21. Nd2 b6 22. N4b3 bxc5 23. f3 Nd7 24. Nc4 Nb6 25. Nba5 Nxc4 26. Nxc4
Rd8 27. Kf2 f6 28. Ke3 e5 29. Rb2 Bf7 30. Rbc2 Rd4 31. Na5 c4 32. Nb3 Rd3+ 33.
Ke2 Rd6 34. Nd2 Rdc6 35. Nb1 Rb7 36. Nc3 Rcb6 37. g4 Rb2 38. Ke3 Rxc2 39. Rxc2
Kd6 40. Rd2+ Kc5 41. Na4+ Kc6 42. Nc3 Rd7 43. Rxd7 Kxd7 44. Kd2 Kc6 45. Nd1 Kb5
46. Kc3 Ka4 47. Kb2 Kb4 48. a3+ Ka4 49. Nc3+ Ka5 50. Nd1 Be6 51. Kc3 Ka4 52. Kb2
Kb5 53. Kc3 a6 54. Nb2 Kc5 55. Nd1 g6 56. Ne3 Kb5 57. Nc2 a5 58. Ne3 Ka4 59. Nc2
Bf7 60. Kb2 c3+ 61. Kxc3 Bb3 62. Na1 Bd1 63. Kd2 Bxf3 64. gxf3 Kxa3 65. Kc3 h5
66. gxh5 gxh5 67. Nc2+ Ka2 68. Ne3 a4 69. Kc2 h4 70. Nf1 h3 71. Nh2 Ka3 72. Kc3
Ka2 73. Kc2 Ka3 74. Kc3 Ka2 75. Kc2 1/2-1/2

[Event "Titled Tue 3rd Jan Late"]
[Site "chess.com INT"]
[Date "2025.06.03"]
[Round "3"]
[White "Papasimakopoulos, Alexandros"]
[Black "Sarana, Alexey"]
[Result "1-0"]
[WhiteTitle "IM"]
[BlackTitle "GM"]
[WhiteElo "2366"]
[BlackElo "2686"]
[WhiteFideId "4244125"]
[BlackFideId "24133795"]
[EventDate "2025.06.03"]

1. Nf3 d5 2. b3 c5 3. e3 Nf6 4. Bb2 g6 5. Bb5+ Bd7 6. a4 Bg7 7. O-O O-O 8. Re1
Bf5 9. Be2 Nc6 10. Bb5 Nb4 11. Na3 Rc8 12. Nh4 Bg4 13. Be2 Be6 14. d3 a6 15. Nf3
Re8 16. h3 Qc7 17. Be5 Qd7 18. Bb2 Nc6 19. Ne5 Nxe5 20. Bxe5 d4 21. Nc4 Nd5 22.
Bxg7 Kxg7 23. a5 Nc3 24. Qd2 Qc7 25. Bf3 Rcd8 26. exd4 cxd4 27. Qg5 Bd5 28. Qe5+
Qxe5 29. Nxe5 f6 30. Bxd5 Rxd5 31. Nc4 Kf7 32. f4 h5 33. g3 Red8 34. Kg2 Rc5 35.
g4 Rd7 36. Kf3 Rdc7 37. Rg1 Rc8 38. Rge1 Rh8 39. Rh1 Rh7 40. Rae1 Rc8 41. g5 Rc6
42. h4 Rh8 43. Rhg1 Rd8 44. gxf6 exf6 45. f5 gxf5 46. Rg2 Rc7 47. Reg1 Ke6 48.
Rg7 Rxg7 49. Rxg7 Rd7 50. Rg8 Rc7 51. Re8+ Kd5 52. Rd8+ Kc5 53. Rh8 Kb4 54. Rxh5
Re7 55. Rxf5 Re1 56. Kg2 Re2+ 57. Rf2 Re7 58. Rxf6 Nd5 59. Rd6 Kc5 60. Rd8 Nb4
61. Rc8+ Kd5 62. Kg3 Rg7+ 63. Kf4 Rg2 64. h5 Rh2 65. Nb6+ Ke6 66. Rh8 Nxc2 67.
h6 Kf7 68. Ke4 Rh5 69. Nd7 Rh4+ 70. Kd5 Rh5+ 71. Kc4 Kg6 72. Rg8+ 1-0

[Event "Titled Tue 3rd Jan Late"]
[Site "chess.com INT"]
[Date "2025.06.03"]
[Round "3"]
[White "Calvo Gonzalez, Jose Felix"]
[Black "Kleimenov, Nikolay"]
[Result "1/2-1/2"]
[WhiteTitle "CM"]
[BlackTitle "CM"]
[WhiteElo "2168"]
[BlackElo "2198"]
[WhiteFideId "54505615"]
[BlackFideId "34414223"]
[EventDate "2025.06.03"]

1. e4 c5 2. Nf3 d6 3. d4 cxd4 4. Nxd4 Nf6 5. Nc3 g6 6. Be3 Bg7 7. f3 Nc6 8. Qd2
O-O 9. Bc4 Nxd4 10. Bxd4 Be6 11. Bb3 Qa5 12. O-O-O b5 13. Kb1 b4 14. Nd5 Bxd5
15. Bxd5 Nxd5 16. Bxg7 Kxg7 17. Qxd5 Qxd5 18. Rxd5 Rfc8 19. Re1 Rc7 20. e5 dxe5
21. Rdxe5 e6 22. Rd1 Rac8 23. Rd2 Rc5 24. Re4 a5 25. b3 R8c6 26. Rde2 Rd5 27.
Kc1 Rcd6 28. Re1 Kf6 29. Rf4+ Ke7 30. Rfe4 h5 31. Re5 Rd2 32. R5e2 Rxe2 33. Rxe2
Rd5 34. c4 bxc3 35. Kc2 Rc5 36. Re3 h4 37. g3 h3 38. Rxc3 Re5 39. Kd2 Rd5+ 40.
Rd3 Rc5 41. Rc3 Re5 42. Re3 Rf5 43. f4 g5 44. Re5 Rf6 45. Rxg5 Rh6 46. Rxa5 Rh8
47. Rc5 Rd8+ 48. Ke2 Kd6 49. Rc4 Kd5 50. a4 Rb8 51. Rc3 Kd4 52. Kd2 Rb4 53. Rc4+
Rxc4 54. bxc4 Kxc4 55. Ke3 Kb4 56. Ke4 Kxa4 57. Ke5 Kb4 58. Kf6 Kc4 59. Kxf7 Kd5
60. Kf6 Ke4 61. Kxe6 Kf3 62. f5 Kg2 63. f6 Kxh2 64. f7 Kg2 65. f8=Q h2 66. Qh6
Kxg3 67. Qc1 Kg2 68. Qc6+ Kg1 69. Qf3 h1=Q 70. Qxh1+ Kxh1 1/2-1/2

[Event "Titled Tue 3rd Jan Late"]
[Site "chess.com INT"]
[Date "2025.06.03"]
[Round "3"]
[White "Pulido Alvarez, Ariel"]
[Black "Vaganian, Rafael A"]
[Result "1/2-1/2"]
[WhiteTitle "FM"]
[BlackTitle "GM"]
[WhiteElo "2252"]
[BlackElo "2449"]
[WhiteFideId "3503011"]
[BlackFideId "13300016"]
[EventDate "2025.06.03"]

1. e4 e6 2. d4 d5 3. e5 c5 4. c3 Nc6 5. Nf3 Nh6 6. a3 Nf5 7. b4 cxd4 8. cxd4 Bd7
9. Bb2 Rc8 10. Bd3 Nh4 11. O-O Nxf3+ 12. Qxf3 Qh4 13. Qe3 g6 14. Nd2 Bh6 15. f4
O-O 16. g3 Qe7 17. Nf3 a6 18. g4 Na7 19. g5 Bg7 20. h4 Bb5 21. h5 Bxd3 22. Qxd3
Qd7 23. h6 Bh8 24. Rac1 Rxc1 25. Rxc1 Rc8 26. Rxc8+ Nxc8 27. Qc3 Nb6 28. Nd2 Na4
29. Qc2 Nxb2 30. Qxb2 Qc6 31. Kf2 Kf8 32. Nb1 Ke8 33. Qc3 Kd7 34. Qxc6+ Kxc6 35.
Ke3 b5 36. Nc3 Kb6 37. Kd3 Kc6 38. Nd1 Kb6 39. Ne3 Kc6 40. Kc3 Kb6 41. Kb3 Kc6
42. a4 Kb6 43. a5+ Kc7 44. Kc3 Kc6 45. Nc2 Kc7 46. Ne1 Kc6 47. Nd3 Kb7 48. Nc5+
Kc6 49. Nxa6 Kb7 50. Nc5+ Kc6 51. Kb3 Kc7 52. a6 Kb6 53. Nd7+ Kxa6 54. Nf8 Kb6
55. Nxh7 Kc7 56. Nf6 Kd8 57. Ng4 Ke7 58. Ne3 Kd7 59. Nd1 Kc6 60. Kc2 Kb6 61. Kd3
Kc6 62. Nc3 Kb6 63. Ke3 Kc6 64. Kf3 Kb6 65. f5 gxf5 66. Kf4 Kc6 67. Nd1 Kd7 68.
Ne3 Ke7 69. Ng2 Kf8 70. Nh4 Kg8 71. g6 fxg6 72. Nxg6 Kh7 73. Nxh8 Kxh8 74. Kg5
Kh7 75. Kf6 f4 76. Kxe6 f3 77. Kd7 f2 78. e6 f1=Q 79. e7 Qf5+ 80. Kd8 Qf6 81.
Kd7 Qf5+ 82. Kd8 Qf6 83. Kd7 Qf5+ 1/2-1/2

[Event "Titled Tue 3rd Jan Late"]
[Site "chess.com INT"]
[Date "2025.06.03"]
[Round "3"]
[White "Aravindhan, Achyuth"]
[Black "Stankovic, Boris"]
[Result "1/2-1/2"]
[WhiteTitle "CM"]
[BlackTitle "FM"]
[WhiteElo "2098"]
[BlackElo "2298"]
[WhiteFideId "1084216"]
[BlackFideId "985317"]
[EventDate "2025.06.03"]

1. Nf3 Nf6 2. g3 g6 3. Bg2 Bg7 4. O-O O-O 5. c4 d6 6. Nc3 e5 7. d3 Nc6 8. Rb1 a6
9. b4 Nd7 10. a4 Nd4 11. b5 axb5 12. axb5 Nc5 13. e3 Nde6 14. Bb2 f5 15. d4 exd4
16. exd4 Ne4 17. Re1 N6g5 18. Nxg5 Nxg5 19. Nd5 Ne6 20. Qd3 Kh8 21. Bc3 Ra3 22.
Ra1 Rxa1 23. Rxa1 f4 24. Nxf4 Nxf4 25. gxf4 Qh4 26. d5 Bf5 27. Bxg7+ Kxg7 28.
Qd4+ Qf6 29. Qxf6+ Kxf6 30. Ra7 Rb8 31. Bf1 Ke7 32. Kg2 Kd7 33. Kf3 b6 34. Ke3
Re8+ 35. Kf3 Re1 36. Be2 Rh1 37. Kg2 Rc1 38. Ra8 Be4+ 39. f3 Bf5 40. Rh8 Rc2 41.
Rxh7+ Kc8 42. Kf1 Kb7 43. h4 Rc1+ 44. Kf2 Rc2 45. Ke3 Rc3+ 46. Kd2 Rc2+ 47. Kd1
Ra2 48. Rh8 Bc2+ 49. Ke1 Bf5 50. h5 gxh5 51. Rxh5 Bc2 52. Rg5 Ra8 53. Kf2 Rf8
54. Kg3 Re8 55. Bf1 Re1 56. Bg2 Bd3 57. f5 Bxc4 58. f6 Re8 59. f7 Rf8 60. Rg7
Bxd5 61. f4 Bxg2 62. Kxg2 Kc8 63. Kf3 Kd7 64. Ke4 Ke7 65. Kd5 Rxf7 66. Rxf7+
Kxf7 67. Kc6 Ke6 68. Kxc7 d5 69. Kxb6 d4 70. Ka7 d3 71. b6 d2 72. b7 d1=Q 73.
b8=Q Qa4+ 74. Kb7 Qb4+ 75. Ka7 Qxb8+ 76. Kxb8 Kf5 77. Kc7 Kxf4 1/2-1/2

[Event "Titled Tue 3rd Jan Late"]
[Site "chess.com INT"]
[Date "2025.06.03"]
[Round "3"]
[White "Tekeyev, Zaur"]
[Black "Bok, Benjamin"]
[Result "0-1"]
[WhiteTitle "IM"]
[BlackTitle "GM"]
[WhiteElo "2417"]
[BlackElo "2591"]
[WhiteFideId "4199731"]
[BlackFideId "1017063"]
[EventDate "2025.06.03"]

1. e4 c5 2. Nf3 d6 3. Bb5+ Nd7 4. O-O a6 5. Bd3 Ngf6 6. Re1 g6 7. c3 Bg7 8. Bc2
b5 9. d4 cxd4 10. cxd4 Bb7 11. a3 O-O 12. Nc3 Rc8 13. Bg5 Nb6 14. Nd2 h6 15. Be3
e6 16. f3 Nfd7 17. Bd3 Qe7 18. Qe2 Rc7 19. Bf2 Rfc8 20. Nb3 Ba8 21. a4 d5 22.
axb5 Qb4 23. Qd1 Nc4 24. Ra4 Qe7 25. Bxc4 dxc4 26. Nc1 axb5 27. Nxb5 Rb7 28. Na7
Rf8 29. Nc6 Qd6 30. d5 Rxb2 31. Rxc4 Ne5 32. Rc2 Rxc2 33. Qxc2 exd5 34. Nxe5
Bxe5 35. exd5 Bxh2+ 36. Kh1 Be5 37. Bc5 Qf6 38. Rxe5 Qxe5 39. Bxf8 Kxf8 40. Qc8+
Qe8 41. Qc5+ Kg8 42. Nd3 Kh7 43. Nb4 Qe1+ 44. Kh2 Qh4+ 45. Kg1 Qg5 46. Qd4 Qc1+
47. Kh2 Qc7+ 48. Kg1 Qd6 49. Kf2 h5 50. Ke3 Bb7 51. Kd3 Kg8 52. Kc4 Bc8 53. Qc5
Qd8 54. Qc6 Bd7 55. Qd6 Qc8+ 56. Nc6 Kh7 57. Kc5 Bf5 58. Qe7 Kg7 59. Qe5+ Kg8
60. Kd4 Qb7 61. Ne7+ Kf8 62. Nxf5 Qb2+ 63. Ke4 gxf5+ 64. Kxf5 Qxg2 65. Qh8+ Ke7
66. Qf6+ Ke8 67. Qe5+ Kd7 68. Ke4 Qe2+ 69. Kf5 Qxf3+ 70. Kg5 f6+ 71. Qxf6 Qxf6+
72. Kxf6 h4 0-1

[Event "Titled Tue 3rd Jan Late"]
[Site "chess.com INT"]
[Date "2025.06.03"]
[Round "3"]
[White "Wael Sabry, Mina"]
[Black "Khanbutaev, Artemii"]
[Result "1-0"]
[WhiteTitle "FM"]
[WhiteElo "2094"]
[BlackElo "2059"]
[WhiteFideId "10670173"]
[BlackFideId "55747175"]
[EventDate "2025.06.03"]

1. d4 Nf6 2. Nc3 d5 3. Bf4 c5 4. e4 dxe4 5. dxc5 Qa5 6. Qd4 Nc6 7. Bb5 Bd7 8.
Bxc6 Bxc6 9. Rd1 Nd5 10. Bd2 Nxc3 11. Bxc3 Qxa2 12. Ne2 Qa6 13. Ng3 e6 14. Nxe4
Qa4 15. Nd6+ Bxd6 16. Qxa4 Bxa4 17. cxd6 f6 18. b3 Bb5 19. Bb2 Kd7 20. c4 Bc6
21. O-O b5 22. c5 a5 23. Bc3 Rhb8 24. Ra1 b4 25. Bd2 Bd5 26. Rfb1 Rc8 27. Be3
Kc6 28. f3 Rcb8 29. Kf2 Rb5 30. Ke2 Rb7 31. Kd2 Rba7 32. Ra4 Kd7 33. Kc2 Bc6 34.
Raa1 a4 35. bxa4 Rxa4 36. Rxa4 Rxa4 37. Kb3 Ra3+ 38. Kxb4 Rxe3 39. Ra1 Re2 40.
Ra7+ Kd8 41. Rxg7 Rb2+ 42. Kc3 Rb5 43. Kc4 Rb1 44. Rc7 Bd5+ 45. Kd4 Rb4+ 46. Ke3
Rb3+ 47. Kf4 Rb2 48. Kg3 h5 49. h4 f5 50. c6 f4+ 51. Kxf4 Rxg2 52. Rd7+ Kc8 53.
Re7 Rg8 54. c7 Bc6 55. Rxe6 Bd7 56. Rh6 Rf8+ 57. Ke3 Kb7 58. Rxh5 Kc6 59. Rh6
Re8+ 60. Kd4 Ra8 61. Rf6 Ra4+ 62. Ke5 Ra5+ 63. Kf4 Ra4+ 64. Kg3 Ra5 65. Rg6 Rf5
66. Rg8 Kxd6 67. c8=Q Bxc8 68. Rxc8 Ke6 69. Kg4 Ra5 70. Rf8 Ke7 71. Rf5 Ra4+ 72.
Kg5 Ke6 73. Rf6+ Ke7 74. Rf4 Ra1 75. h5 Rg1+ 76. Rg4 Rf1 77. f4 Kf7 78. f5 Ra1
79. Kh6 Ra6+ 80. Rg6 Ra5 81. f6 Ra8 82. Kh7 Ra5 83. h6 Ra1 84. Rg7+ Kf8 85. Rb7 1-0